Kahusayan sa paggamit ng panuring sa pangungusap ng Filipino 8/ (Record no. 86903)
[ view plain ]
| 000 -LEADER | |
|---|---|
| fixed length control field | 02696nam a22002537a 4500 |
| 003 - CONTROL NUMBER IDENTIFIER | |
| control field | URS |
| 005 - DATE AND TIME OF LATEST TRANSACTION | |
| control field | 20250930101540.0 |
| 008 - FIXED-LENGTH DATA ELEMENTS--GENERAL INFORMATION | |
| fixed length control field | 250917b |||||||| |||| 00| 0 eng d |
| 050 00 - LIBRARY OF CONGRESS CALL NUMBER | |
| Classification number | LG 221.R59 |
| Item number | .C7671 2025 |
| 100 1# - MAIN ENTRY--PERSONAL NAME | |
| Personal name | Contamina, Brian |
| Relator term | Researcher |
| 245 10 - TITLE STATEMENT | |
| Title | <a href="Kahusayan sa paggamit ng panuring sa pangungusap ng Filipino 8/">Kahusayan sa paggamit ng panuring sa pangungusap ng Filipino 8/</a> |
| Statement of responsibility, etc | Brian Contamina, Benjie Villaflor, [and] Maicha Dinero |
| 260 #1 - PUBLICATION, DISTRIBUTION, ETC. (IMPRINT) | |
| Date of publication, distribution, etc | 2025 |
| 300 ## - PHYSICAL DESCRIPTION | |
| Extent | x, 66 leaves; |
| Other physical details | illustrations, |
| Dimensions | 28 cm. |
| 336 ## - CONTENT TYPE | |
| Source | rdacontent |
| Content type term | text |
| 337 ## - MEDIA TYPE | |
| Source | rdamedia |
| Media type term | unmediated |
| 338 ## - CARRIER TYPE | |
| Source | rdacarrier |
| Carrier type term | volume |
| 502 ## - DISSERTATION NOTE | |
| Dissertation note | Undergraduate Thesis |
| Degree type | Bachelor of Secondary Education Major in Filipino<br/> |
| Name of granting institution | University of Rizal System, Rodriguez, Rizal |
| Year degree granted | 2025 |
| 520 ## - SUMMARY, ETC. | |
| Summary, etc | Isinagawa ang pag-aaral na ito upang tukuyin ang KAHUSAYAN SA PAGGAMIT NG PANURING SA PANGUNGUSAP NG FILIPINO-8.<br/><br/>Ang mga mananaliksik ay gumamit ng pamamaraang Kwantitatibong Pananaliksik, ay isang uri ng pananaliksik na gumagamit ng mga numerikal na datos upang masukat, masuri, at ipaliwanag ang mga ugnayan ng mga variable. Karaniwan itong gumagamit ng estadistikal na pamamaraan upang makuha ang tiyak at obhetibong resulta..<br/><br/>Karamihan sa mga tagatugon ay babae, na may bilang na tatlumpu't anim o Pitumpu't dalawa pursyento ng kabuuang populasyon ng limampung mag-aaral. Samantala, labing-apat o dalwangpu't walong pursyento lamang ang kalalakihan. Lahat ng mga tagatugon ay may Tagalog bilang unang wika (isang daang pursyento), at sila rin ay mula sa mga lalawigang may Tagalog bilang pangunahing sinasalitang wika. Karamihan ay nasa walumpu't anim-siyamnapu na marka, na may dalawangpu't dalawa mag-aaral o apatnapu't apat na pursyento ng mga tagatugon<br/><br/>Pinakamataas na mean ay nasa pandiwa na may siyam na buo at dalawampu't tatlong sentimo, na may verbal interpretation na Mahusay. Samantala, kapansin-pansin ang mababang mean sa pang-abay na may mean na limang buo at dalawampu't anim na sentimo at pang-uri na anim na buo at dalawampu't anim na sentimo, na parehong may verbal interpretation na Di Mahusay. Sa kabuuan, ang overall mean na dalawampu't pitongpu't limang sentimo ay tumutugma rin sa Di Mahusay, Mas madali para sa mga mag-aaral ang paggamit ng pandiwa, dahil ito ay karaniwan sa kanilang pang-araw-araw na wika at madalas na ginagamit sa klase, kaya mas mataas ang kanilang kumpiyansa rito. Samantala, nahihirapan sila sa pang-abay at pang-uri dahil sa pagkalito sa tamang gamit ng mga ito, kakulangan ng pagsasanay, at kawalan ng tiwala sa sarili. |
| 650 ## - SUBJECT ADDED ENTRY--TOPICAL TERM | |
| Source of heading or term | PANURING SA PANGUNGUSAP |
| 700 ## - ADDED ENTRY--PERSONAL NAME | |
| Personal name | Villaflor, Benjie |
| Relator term | Researcher |
| 700 ## - ADDED ENTRY--PERSONAL NAME | |
| Personal name | Dinero, Maicha |
| Relator term | Researcher |
| 700 ## - ADDED ENTRY--PERSONAL NAME | |
| Personal name | Adolfo, Maria Riza A. |
| Relator term | Adviser |
| 942 ## - ADDED ENTRY ELEMENTS (KOHA) | |
| Source of classification or shelving scheme | Library of Congress Classification |
| Koha item type | Theses and dissertations |
| Withdrawn status | Source of classification or shelving scheme | Damaged status | Not for loan | Home library | Current library | Shelving location | Date acquired | Total Checkouts | Full call number | Barcode | Date last seen | Copy number | Price effective from | Koha item type |
|---|---|---|---|---|---|---|---|---|---|---|---|---|---|---|
| Library of Congress Classification | Not For Loan | Rodriguez College Library | Rodriguez College Library | Undergraduate Theses | 09/17/2025 | LG 221.R59 .C7671 2025 | URSROD-UGT-FIL-1468 | 09/17/2025 | C1 | 09/17/2025 | Theses and dissertations |